[Event "Mogliano Veneto op-B 43th"]
[Site "Mogliano Veneto"]
[Date "2023.04.24"]
[Round "3"]
[White "Gallega, Enrico"]
[Black "Moretto, Christian"]
[Result "0-1"]
[WhiteElo "1152"]
[BlackElo "1404"]
[PlyCount "86"]
[EventDate "2023.04.23"]
[EventType "swiss"]
[EventRounds "5"]
[EventCountry "ITA"]
[SourceTitle "EXT 2024"]
[Source "ChessBase"]
[SourceDate "2023.10.10"]
[SourceVersion "1"]
[SourceVersionDate "2023.10.10"]
[SourceQuality "1"]

1. e4 e5 2. d4 exd4 3. Qxd4 Nc6 4. Qe3 Nf6 5. Nc3 Nb4 6. Bd3 Nxd3+ 7. cxd3 Bb4 8. Bd2 d6 9. f4 Ng4 10. Qe2 Bc5 11. Nh3 Qh4+ 12. Kd1 Nf2+ 13. Kc2 Nxh1 14. Rxh1 Bxh3 15. gxh3 Qxh3 16. Nd5 Rc8 17. Bc3 Kf8 18. e5 c6 19. exd6 Bxd6 20. Rg1 Rg8 21. Re1 cxd5 22. Kb3 Qd7 23. Qh5 Qb5+ 24. Kc2 Qa4+ 25. Kb1 Qxf4 26. Qxd5 Re8 27. Rxe8+ Kxe8 28. Qb5+ Kd8 29. Qxb7 Qf1+ 30. Kc2 Qf2+ 31. Kb1 Qc5 32. a3 Re8 33. Qa8+ Kd7 34. Qb7+ Bc7 35. Qf3 Qg1+ 36. Ka2 Qxh2 37. Qxf7+ Kd8 38. Qd5+ Qd6 39. Qa8+ Bb8 40. Ba5+ Kd7 41. Qb7+ Ke6 42. Qe4+ Kf7 43. Qc4+ Qe6 0-1

[Event "Treviso op-B 4th"]
[Site "Treviso"]
[Date "2023.04.02"]
[Round "5"]
[White "Moretto, Christian"]
[Black "Toffolo, Luca"]
[Result "1-0"]
[WhiteElo "1380"]
[BlackElo "1534"]
[PlyCount "41"]
[EventDate "2023.03.31"]
[EventType "swiss"]
[EventRounds "5"]
[EventCountry "ITA"]
[SourceTitle "EXT 2024"]
[Source "ChessBase"]
[SourceDate "2023.10.10"]
[SourceVersion "1"]
[SourceVersionDate "2023.10.10"]
[SourceQuality "1"]

1. e4 e5 2. Nf3 Nf6 3. Nc3 Nc6 4. Bc4 Be7 5. d3 0-0 6. 0-0 d6 7. h3 a6 8. Be3 Na5 9. Bb3 Nxb3 10. axb3 c6 11. d4 Be6 12. dxe5 dxe5 13. Nxe5 b5 14. Nxc6 Qc7 15. Nxe7+ Qxe7 16. Bg5 Qc5 17. Bxf6 gxf6 18. Nd5 Rfd8 19. Nxf6+ Kh8 20. Qc1 Qe5 21. Qh6 1-0